000 00613nam a2200205Ia 4500
001 1714
003 GE_BSU
008 181216s||||||||xx |||||||||||||| ||und||
040 _cGE_BSU
080 _a811.353.1
100 _aთაყაიშვილი, ა
245 _aქართული ფრაზეოლოგიის საკითხები
260 _aთბილისი
260 _bსაქ. სსრ. აკად.
260 _c1961
300 _a154 გვ.22 სმ.
541 _h10 ლ.
653 _aქართული ფრაზეოლოგია
942 _cBK
999 _c35825
_d35825